000
00191 a2200097 4500
001
26010
100
_a
Flugge W
245
_a
Viscoelastic
260
_a
_b
Springer
_c
090
_c
17605
_d
17605
942
_a
NUST-CAE
_c
M
_c
8453
999
_c
261083
_d
261083